[Event "Challenge"]
[Site "http://www.queenalice.com/game.php?id=1862740"]
[Date "2025.9.9"]
[Round "-"]
[White "altair"]
[Black "crisvolei"]
[Result "1-0"]
[WhiteElo "1770"]
[BlackElo "1600"]

1. e4 e5 2. Nf3 Qf6 3. h3 d5 4. d3 h6 5. a3 Nc6 6. Nc3 Nd4 7. Nxd4 exd4 8. Nxd5
Qe5 9. Bf4 Qxf4 10. Nxf4 Be6 11. Nxe6 fxe6 12. Be2 O-O-O 13. O-O e5 14. Bg4+ Kb8
15. c4 dxc3 16. bxc3 Nf6 17. Be2 Nxe4 18. Bf3 Nxc3 19. Qb3 e4 20. Bxe4 Nxe4 21.
dxe4 b6 22. a4 a5 23. e5 Bc5 24. Kh1 Bd4 25. Rae1 Ka7 26. f4 c5 27. f5 Rhf8 28.
e6 g5 29. e7 Rxf5 30. exd8=Q Rxf1+ 31. Rxf1 1-0

[Event "Challenge"]
[Site "http://www.queenalice.com/game.php?id=1862934"]
[Date "2025.9.12"]
[Round "-"]
[White "altair"]
[Black "Mr_SPOCK"]
[Result "1-0"]
[WhiteElo "1816"]
[BlackElo "1779"]

1. e4 e5 2. d3 Bc5 3. Nf3 Nf6 4. h3 Qe7 5. a3 O-O 6. Be2 d6 7. O-O d5 8. exd5
Nxd5 9. b4 Bb6 10. c4 Nf6 11. c5 Bxc5 12. bxc5 Qxc5 13. Bb2 Nc6 14. Nc3 Rd8 15.
Rc1 Na5 16. Ne4 Nxe4 17. Rxc5 Nxc5 18. Nxe5 h6 19. d4 Ne4 20. Qc2 Bf5 21. Qxc7
Be6 22. Qxa5 b6 23. Qb4 f6 24. Nc6 Rd7 25. Rd1 Bf5 26. Bd3 Kh7 27. Bxe4 Bxe4 28.
Qb5 Rd5 29. Qc4 b5 30. Qc3 Rc8 31. f3 Rd6 32. fxe4 Rdxc6 33. Qd3 g6 34. d5 Rd6
35. Qxb5 g5 36. Qb7+ Kg6 37. Qxc8 Rb6 38. Qe8+ Kg7 39. d6 Rxb2 40. d7 Rb8 41.
Qxb8 g4 42. d8=Q gxh3 43. Qg8# 1-0

[Event "Challenge"]
[Site "http://www.queenalice.com/game.php?id=1863077"]
[Date "2025.9.16"]
[Round "-"]
[White "Mr_SPOCK"]
[Black "altair"]
[Result "0-1"]
[WhiteElo "1783"]
[BlackElo "1801"]

1. e4 e5 2. Bc4 d6 3. Qf3 Nf6 4. d3 a5 5. Bg5 Be7 6. Bxf6 Bxf6 7. Qh5 g6 8. Qh6
Qe7 9. Nc3 Be6 10. Nd5 Bxd5 11. Bxd5 c6 12. Bb3 Nd7 13. O-O-O Bg5+ 14. Qxg5
Qxg5+ 15. Kb1 Qxg2 16. Ne2 b5 17. a4 Qxf2 18. Ng3 bxa4 19. Rdf1 Qd4 20. Bxf7+
Kd8 21. Rf3 Rb8 22. b3 axb3 23. c4 a4 24. Ne2 Qa7 25. Nc3 Nc5 26. Rf2 Nxd3 27.
Rf3 Nf4 28. Kc1 b2+ 29. Kc2 a3 30. Na2 Qa4+ 31. Kb1 Ne2 32. c5 Nd4 33. Rf6 Qc2#
0-1

[Event "AUTO-ADV-4894"]
[Site "http://www.queenalice.com/game.php?id=1863382"]
[Date "2025.9.25"]
[Round "1"]
[White "game"]
[Black "altair"]
[Result "1-0"]
[WhiteElo "1706"]
[BlackElo "1780"]

1. e4 e5 2. Nf3 d6 3. Bc4 h6 4. Nc3 Nf6 5. O-O Be7 6. d4 Nc6 7. dxe5 dxe5 8. Nd5
O-O 9. Nxf6+ Bxf6 10. Qe2 b6 11. Be3 a6 12. Bd5 Bd7 13. Rad1 Rb8 14. g3 Nd4 15.
Bxd4 exd4 16. Nxd4 a5 17. Bc4 a4 18. Nc6 Qe7 19. Nxe7+ Bxe7 20. Rxd7 1-0

[Event "AUTO-ADV-4894"]
[Site "http://www.queenalice.com/game.php?id=1863383"]
[Date "2025.9.25"]
[Round "1"]
[White "altair"]
[Black "game"]
[Result "1-0"]
[WhiteElo "1783"]
[BlackElo "1691"]

1. e4 c5 2. d3 Nf6 3. h3 e5 4. Nf3 d6 5. Nc3 Nh5 6. b3 g6 7. g4 Nf4 8. Bxf4 exf4
9. Qd2 c4 10. bxc4 Nc6 11. Qxf4 Nd4 12. Nxd4 Bg7 13. Ndb5 a6 14. Nxd6+ Kf8 15.
Qxf7# 1-0

[Event "AUTO-ADV-4894"]
[Site "http://www.queenalice.com/game.php?id=1863394"]
[Date "2025.9.25"]
[Round "1"]
[White "Zeca1955"]
[Black "altair"]
[Result "1-0"]
[WhiteElo "1876"]
[BlackElo "1822"]

1. d4 d5 2. Nf3 h6 3. e3 a6 4. c4 e6 5. Nc3 Nf6 6. Bd3 Be7 7. Ne5 c6 8. Qc2 b5
9. c5 Nbd7 10. h3 Nxe5 11. dxe5 Nd7 12. f4 Nxc5 13. Be2 O-O 14. Bd2 b4 15. Na4
Ne4 16. Qxc6 Bd7 17. Qc2 Qe8 18. b3 a5 19. Rg1 Bh4+ 20. Kd1 Nf2+ 21. Ke1 Nxh3+
22. Kf1 Nxg1 23. Kxg1 Bg3 24. Qd1 f6 25. exf6 Rxf6 26. Be1 Qg6 27. Bh5 Qf5 28.
Bxg3 g6 29. Bg4 Qe4 30. Qd2 Rc8 31. Bd1 d4 32. exd4 Rd8 33. Nc5 Qd5 34. Bf3 Qd6
35. Kh2 Bc6 36. f5 Qe7 37. Bxc6 Rxf5 38. Qxh6 Rh5+ 39. Qxh5 gxh5 40. Re1 h4 41.
Bf4 Rxd4 42. Ne4 e5 43. Bg5 Qf7 44. Nf6+ Kg7 45. Rf1 Qg6 46. Ne8+ Kh8 47. Rf8+
Kh7 48. Nf6+ Kg7 49. Rg8+ Kf7 50. Be8+ Ke6 51. Rxg6 Rd1 52. Ne4+ Kf5 53. Nd6+
Kg4 54. Bc1+ Kh5 55. Rg3# 1-0

[Event "AUTO-ADV-4894"]
[Site "http://www.queenalice.com/game.php?id=1863395"]
[Date "2025.9.25"]
[Round "1"]
[White "altair"]
[Black "Zeca1955"]
[Result "0-1"]
[WhiteElo "1831"]
[BlackElo "1882"]

1. e4 e5 2. Nf3 d6 3. h3 Nf6 4. Nc3 Be7 5. Be2 c6 6. a3 b5 7. d3 h6 8. b4 Qc7 9.
d4 O-O 10. Bd3 Bb7 11. O-O Nbd7 12. a4 a5 13. axb5 cxb5 14. Nxb5 Qb6 15. bxa5
Rxa5 16. Rxa5 Qxa5 17. Bd2 Qb6 18. Qa1 Nxe4 19. Bxe4 Bxe4 20. Qb2 Bxf3 21. gxf3
exd4 22. Rb1 Bf6 23. Qa2 Qc6 24. Rb4 Qxf3 25. Rb3 Qd1+ 26. Kg2 Qxd2 27. Nxd6
Qg5+ 28. Kf1 Qc1+ 29. Kg2 Qg5+ 30. Rg3 Qc5 31. Ne4 Qc6 32. f3 Rc8 33. Kh2 Qxc2+
34. Qxc2 Rxc2+ 35. Rg2 d3 36. h4 Bxh4 37. Kh3 g5 38. Nd6 Rxg2 39. Kxg2 d2 0-1

[Event "AUTO-ADV-4894"]
[Site "http://www.queenalice.com/game.php?id=1863400"]
[Date "2025.9.25"]
[Round "1"]
[White "askasl159"]
[Black "altair"]
[Result "0-1"]
[WhiteElo "1679"]
[BlackElo "1789"]

1. e4 e5 2. f4 f6 3. Nf3 a6 4. a3 Nc6 5. Bc4 Bc5 6. b4 Ba7 7. Bb2 d6 8. fxe5
dxe5 9. Bxg8 Rxg8 10. d4 exd4 11. O-O Qe7 12. Re1 Be6 13. Bxd4 O-O-O 14. c3 Ne5
15. Bc5 Bxc5+ 0-1

[Event "AUTO-ADV-4894"]
[Site "http://www.queenalice.com/game.php?id=1863401"]
[Date "2025.9.25"]
[Round "1"]
[White "altair"]
[Black "askasl159"]
[Result "1-0"]
[WhiteElo "1817"]
[BlackElo "1548"]

1. e4 e5 2. Nf3 Nc6 3. a3 Nf6 4. d3 h6 5. h3 Bc5 6. Bd2 d5 7. Be2 O-O 8. O-O
dxe4 9. dxe4 Nxe4 10. Be3 Bxe3 11. fxe3 Be6 12. Nbd2 Nxd2 13. Nxd2 Qe7 14. e4
Nd4 15. c3 Nxe2+ 16. Qxe2 Rad8 17. Rf3 a6 18. Rg3 f5 19. exf5 Rxf5 20. Qe3 g5
21. Nf3 Bc4 22. Re1 Rd3 23. Qe4 Qe6 24. Nd4 Rxd4 25. cxd4 Bd5 26. Qd3 e4 27. Qc3
c6 28. h4 Bc4 29. Rge3 b5 30. Rxe4 Qf6 31. h5 Rf1+ 32. Rxf1 Qxf1+ 33. Kh2 Qf5
34. Re8+ Kf7 35. Qe3 Qf4+ 36. Kh1 Qxe3 37. Rxe3 Kf6 38. Re8 Kf7 39. Ra8 a5 40.
Rxa5 Ke6 41. Ra7 Kf5 42. Rh7 1-0

[Event "Challenge"]
[Site "http://www.queenalice.com/game.php?id=1863770"]
[Date "2025.10.3"]
[Round "-"]
[White "Mr_SPOCK"]
[Black "altair"]
[Result "0-1"]
[WhiteElo "1781"]
[BlackElo "1787"]

1. e4 e5 2. Qh5 d6 3. Bc4 Qe7 4. d3 Nf6 5. Qe2 a5 6. a4 g6 7. Bg5 Be6 8. Nf3 Bg7
9. Nc3 O-O 10. Bd5 Bxd5 11. Nxd5 Qe6 12. d4 c6 13. Nc7 Qd7 14. Nxa8 Qd8 15. dxe5
dxe5 16. Rd1 Nbd7 17. Nxe5 Qxa8 18. Rxd7 Nxd7 19. Nxd7 Re8 20. c3 Qc8 21. Nb6
Qc7 22. Nc4 f6 23. Bh4 b5 24. axb5 cxb5 25. Bg3 Qxc4 26. Qd2 Rxe4+ 27. Kd1 f5
28. Qd8+ Bf8 29. Re1 Qb3+ 30. Kd2 Qxb2+ 31. Kd1 Qb1+ 32. Kd2 Rxe1 33. Qd5+ Kg7
34. Be5+ Kh6 35. Bf4+ g5 36. Qc6+ Kg7 37. Qc7+ Kg8 38. Be3 Qd1# 0-1

[Event "AUTO-ADV-4896"]
[Site "http://www.queenalice.com/game.php?id=1863788"]
[Date "2025.10.4"]
[Round "1"]
[White "Capixabba789"]
[Black "altair"]
[Result "0-1"]
[WhiteElo "1922"]
[BlackElo "1808"]

1. d4 d5 2. Nc3 e6 3. e4 c6 4. e5 h6 5. Nf3 Ne7 6. Bd3 Ng6 7. Ne2 Be7 8. Nf4
Nxf4 9. Bxf4 O-O 10. O-O b6 11. c4 a6 12. a4 Bd7 13. b3 dxc4 14. bxc4 c5 15. Bc2
cxd4 16. Nxd4 Nc6 17. Qd3 g6 18. Bxh6 Re8 19. Nf3 Bf8 20. Be3 Bg7 21. Ng5 Nxe5
22. Qd1 Nxc4 23. Rb1 Nxe3 24. Nxf7 Kxf7 25. fxe3+ Kg8 26. Bxg6 Rf8 27. Qg4 Rf6
28. Qh5 Kf8 29. Rxf6+ Bxf6 30. Qh6+ Ke7 31. Qh7+ Kd6 32. Bd3 Kc7 33. Rc1+ Kb7
34. Be4+ Kb8 35. Qh3 e5 36. Qf3 Ra7 37. Rd1 Qe7 38. Rf1 Bg5 39. Qh5 Bxe3+ 40.
Kh1 Bxa4 41. Qh8+ Kc7 42. Rf8 Kd6 43. Rd8+ Rd7 44. Rb8 Qf7 45. Rxb6+ Bxb6 46.
Qb8+ Bc7 47. Qb4+ Ke6 48. Qc4+ Ke7 49. Qe2 Bb5 0-1

[Event "AUTO-ADV-4896"]
[Site "http://www.queenalice.com/game.php?id=1863789"]
[Date "2025.10.4"]
[Round "1"]
[White "altair"]
[Black "Capixabba789"]
[Result "1-0"]
[WhiteElo "1829"]
[BlackElo "1934"]

1. e4 Nf6 2. d3 e5 3. h3 Be7 4. Nf3 d6 5. Be2 c5 6. Nc3 Nc6 7. a3 Be6 8. O-O Nd4
9. Na2 a6 10. b4 b6 11. c4 O-O 12. Bb2 Qc8 13. bxc5 bxc5 14. Nc3 a5 15. Na4 Bd7
16. Nb6 Qb7 17. Nxa8 Qxb2 18. Rb1 Qxe2 19. Nb6 Nxf3+ 20. gxf3 Qxd1 21. Rfxd1
Bxh3 22. Kh2 Be6 23. Rb5 Bd8 24. Nd5 Nxd5 25. cxd5 Bd7 26. Rbb1 Bh4 27. Rd2 a4
28. Rb7 Rd8 29. Rdb2 h6 30. R2b6 Be7 31. Rc7 Kf8 32. Rcb7 Ke8 33. Rb8 Rxb8 34.
Rxb8+ Bd8 35. Kg3 Ke7 36. f4 exf4+ 37. Kxf4 g6 38. f3 Ba5 39. Kg3 Bc3 40. f4 Bd2
41. e5 dxe5 42. fxe5 Bc1 43. Kf3 Bxa3 44. Ke4 Bb4 45. d4 Bf5+ 46. Ke3 a3 47. Ra8
h5 48. d6+ Kd7 49. Ra7+ Kd8 50. d5 c4 51. Rxf7 c3 52. e6 Bxd6 53. Rd7+ Ke8 54.
Rxd6 c2 55. Kd2 Ke7 56. Rd7+ Ke8 57. d6 Bxe6 58. Re7+ Kd8 59. Rxe6 a2 60. Re1
Kd7 61. Kxc2 h4 62. Rd1 g5 63. Ra1 h3 64. Rxa2 h2 65. Ra7+ Kxd6 66. Rh7 1-0

[Event "AUTO-ADV-4896"]
[Site "http://www.queenalice.com/game.php?id=1863802"]
[Date "2025.10.4"]
[Round "1"]
[White "altair"]
[Black "Fauquinelle"]
[Result "0-1"]
[WhiteElo "1807"]
[BlackElo "1978"]

1. e4 e5 2. Nf3 Nc6 3. a3 d5 4. d3 dxe4 5. dxe4 Qxd1+ 6. Kxd1 Bg4 7. Be2 O-O-O+
8. Bd2 Bc5 9. h3 Bh5 10. Ke1 Nf6 11. Ng5 Bxe2 12. Nxf7 Bh5 13. Nxh8 Nxe4 14. g4
Nxd2 15. Nxd2 Be8 16. Ne4 Bb6 17. Ng5 h6 18. Ngf7 Rd7 19. Rd1 Rxf7 20. Nxf7 Bxf7
21. Rd2 Nd4 22. Kd1 Bg6 23. Re1 e4 24. Kc1 Nf3 25. Red1 Nxd2 26. Rxd2 e3 27.
fxe3 Bxe3 28. Kd1 Bxd2 29. Kxd2 Kd7 30. c4 Be4 31. Ke3 Bg2 32. h4 g5 33. hxg5
hxg5 34. Kd4 Ke6 35. Ke3 Ke5 36. Kf2 Bh3 37. Kf3 c5 38. b3 Kd4 39. Kg3 Bf1 40.
Kf3 a5 41. Kf2 Bd3 42. Kf3 Bc2 43. b4 axb4 0-1

[Event "AUTO-ADV-4896"]
[Site "http://www.queenalice.com/game.php?id=1863803"]
[Date "2025.10.4"]
[Round "1"]
[White "Fauquinelle"]
[Black "altair"]
[Result "0-1"]
[WhiteElo "1990"]
[BlackElo "1815"]

1. d4 d5 2. c4 c6 3. Nf3 h6 4. Nc3 dxc4 5. a4 e6 6. e4 b5 7. axb5 cxb5 8. Nxb5
a6 9. Na3 Bxa3 10. Rxa3 Nd7 11. Bxc4 Ndf6 12. Qd3 Ne7 13. O-O O-O 14. Bxa6 Qb6
15. Bxc8 Rfxc8 16. Rxa8 Rxa8 17. b3 Nc6 18. Be3 Nb4 19. Qc4 Na6 20. Nd2 Qb7 21.
f3 Rc8 22. Qd3 Nb4 23. Qb1 Nc2 24. Bf2 Qb4 25. Nc4 Na3 26. Nxa3 Qxa3 27. Rd1 Nd7
28. b4 Nb6 29. g4 Na4 30. Be1 Qxf3 31. Bg3 Nc3 32. Qd3 Qxd1+ 33. Qxd1 Nxd1 34.
Bd6 Rc4 35. Bc5 Ne3 36. h3 Nc2 0-1

[Event "AUTO-ADV-4896"]
[Site "http://www.queenalice.com/game.php?id=1863804"]
[Date "2025.10.4"]
[Round "1"]
[White "altair"]
[Black "mvson33"]
[Result "1-0"]
[WhiteElo "1862"]
[BlackElo "1718"]

1. e4 e5 2. Nf3 Nc6 3. a3 d6 4. h3 Nf6 5. d3 Be7 6. Nc3 O-O 7. Be2 Bd7 8. O-O
Nd4 9. b4 Nxe2+ 10. Qxe2 Be6 11. Bb2 Nd7 12. Na4 f5 13. exf5 Bxf5 14. d4 exd4
15. Nxd4 Bg6 16. Ne6 Qc8 17. Nxf8 Qxf8 18. Qe6+ 1-0

[Event "AUTO-ADV-4896"]
[Site "http://www.queenalice.com/game.php?id=1863805"]
[Date "2025.10.4"]
[Round "1"]
[White "mvson33"]
[Black "altair"]
[Result "0-1"]
[WhiteElo "1880"]
[BlackElo "1803"]

1. e4 e5 2. Nf3 d6 3. Bc4 h6 4. Nc3 Nf6 5. O-O Be7 6. d3 a5 7. a3 Nc6 8. Bd2 O-O
9. Qe2 Be6 10. Bxe6 fxe6 11. Nh4 Nd4 12. Qd1 d5 13. exd5 exd5 14. Nf3 Nxf3+ 15.
Qxf3 c6 16. Rfe1 Ne4 17. Qd1 Nf6 18. Rxe5 Bd6 19. Re1 Bc7 20. Ne2 Qd6 21. Ng3
Rae8 22. Rxe8 Rxe8 23. Qf3 Rf8 24. Qd1 b5 25. Qf3 Ne4 26. Qe3 Nxf2 27. Rf1 Ng4
28. Rxf8+ Qxf8 29. Qe6+ Qf7 30. Qxf7+ Kxf7 31. Be1 Ne3 32. c3 Be5 33. Nf1 Nd1
34. d4 Bf4 35. b3 Bc1 36. a4 bxa4 37. bxa4 Bb2 38. Ng3 Bxc3 39. Bxc3 Nxc3 40.
Kf2 Nxa4 41. Ke3 Nb2 42. Kd2 Nc4+ 43. Kc3 Ne3 44. Kb3 Nc4 45. Ka4 Kf6 46. Ne2
Kf5 47. Nc1 Ke4 48. Nb3 g5 49. Nxa5 Nxa5 50. Kxa5 Kxd4 51. Kb6 c5 0-1

[Event "Challenge"]
[Site "http://www.queenalice.com/game.php?id=1863893"]
[Date "2025.10.7"]
[Round "-"]
[White "altair"]
[Black "Mr_SPOCK"]
[Result "0-1"]
[WhiteElo "1826"]
[BlackElo "1747"]

1. e4 e5 2. Nf3 Nc6 3. a3 Nf6 4. d3 Bc5 5. h3 O-O 6. Be2 a5 7. O-O d6 8. Bd2 d5
9. c3 dxe4 10. dxe4 Nxe4 11. Be3 Bd6 12. Qc2 Nf6 13. Bg5 Bc5 14. Bxf6 Qxf6 15.
Nbd2 Bf5 16. Bd3 Ne7 17. Rfe1 Bd6 18. Bxf5 Nxf5 19. Ne4 Qh6 20. Ng3 Nxg3 21.
fxg3 Rae8 22. b4 b6 23. Rab1 c5 24. bxc5 Bxc5+ 25. Kh1 Qc6 26. Nxe5 Qc7 27. Qf5
g6 28. Qf6 Be7 29. Qf3 f6 30. Ng4 Kg7 31. Nf2 h5 32. g4 hxg4 33. Nxg4 f5 34. Ne5
Bxa3 35. Qg3 Rf6 36. c4 Bb4 37. Red1 Re7 38. Rd5 f4 39. Qg5 Bc3 40. Ng4 Qxc4 41.
Qh6+ Kf7 42. Qh7+ Ke6 43. Rxb6+ Kxd5 44. Qg8+ Rfe6 45. Qd8+ Ke4 46. Rxe6+ Rxe6
47. Qg5 Qf1+ 48. Kh2 Be1 49. Nf6+ Rxf6 50. h4 Bg3+ 51. Kh3 Rf5 52. Qxg6 Qh1+ 53.
Kg4 Qxh4# 0-1

[Event "Challenge"]
[Site "http://www.queenalice.com/game.php?id=1864113"]
[Date "2025.10.11"]
[Round "-"]
[White "jogo"]
[Black "altair"]
[Result "1-0"]
[WhiteElo "1795"]
[BlackElo "1838"]

1. e4 e5 2. Nf3 d6 3. d4 f6 4. c3 a6 5. Bc4 Qe7 6. Qb3 Nc6 7. Bxg8 Na5 8. Qa4+
Nc6 9. Bb3 Bd7 10. Bd5 Nxd4 11. Qd1 Nxf3+ 12. Qxf3 c6 13. Bc4 a5 14. Qh5+ g6 15.
Qd1 Be6 16. Bxe6 Qxe6 17. O-O Bg7 18. Be3 O-O 19. Qb3 d5 20. Qc2 Qe7 21. Qb3
Rad8 22. exd5 cxd5 23. Qa3 Qd7 24. Rd1 Qb5 25. f4 Rfe8 26. Nd2 d4 27. cxd4 Bf8
28. Qb3+ Qxb3 29. Nxb3 Bh6 30. dxe5 fxe5 31. Rxd8 Rxd8 32. g3 exf4 33. gxf4 a4
34. Nc5 b5 35. Kf2 Bg7 36. Ne6 Rd7 37. Nxg7 Kxg7 38. Rc1 h6 39. Rc5 Rb7 40. a3
Kf6 41. Kf3 b4 42. Bd4+ Ke6 43. axb4 Rxb4 44. Ke4 g5 45. f5+ Kf7 46. Rc6 h5 47.
Ke5 Rb3 48. Rc7+ Kf8 49. Kf6 Ke8 50. Ke6 Kd8 51. Rc4 a3 52. bxa3 Rxa3 53. Bb6+
1-0

[Event "Challenge"]
[Site "http://www.queenalice.com/game.php?id=1864114"]
[Date "2025.10.11"]
[Round "-"]
[White "altair"]
[Black "jogo"]
[Result "0-1"]
[WhiteElo "1872"]
[BlackElo "1873"]

1. e4 c5 2. Bc4 e6 3. d3 d5 4. exd5 exd5 5. Bb3 b5 6. a3 h6 7. h3 Nf6 8. Nf3 c4
9. dxc4 bxc4 10. Ba4+ Bd7 11. Bxd7+ Nbxd7 12. Nc3 Bc5 13. O-O O-O 14. Nxd5 Rc8
15. c3 Nxd5 16. Qxd5 Nb6 17. Qf5 Qd7 18. Qf4 Bd6 19. Qe4 Rfe8 20. Qc2 Re7 21.
Be3 Rce8 22. Nd4 Nd5 23. Rfd1 Nxe3 24. fxe3 Rxe3 25. Rf1 Bc5 26. Nf5 Re2+ 0-1

[Event "Challenge"]
[Site "http://www.queenalice.com/game.php?id=1864306"]
[Date "2025.10.15"]
[Round "-"]
[White "altair"]
[Black "Capixabba789"]
[Result "0-1"]
[WhiteElo "1823"]
[BlackElo "1895"]

1. e4 e5 2. Nf3 d6 3. h3 f5 4. d3 Nf6 5. Be2 Be7 6. Nc3 O-O 7. O-O fxe4 8. dxe4
c5 9. b3 Nc6 10. Be3 Be6 11. Nh4 Nxe4 12. Nxe4 Bxh4 13. Qd2 Nd4 14. c3 Nxe2+ 15.
Qxe2 Rc8 16. Rad1 Be7 17. Bxc5 d5 18. Bxa7 Qa5 19. Be3 dxe4 20. Bd2 Qxa2 21.
Qxe4 Qxb3 22. Rb1 Qd5 23. Qe2 Bf6 24. Rfd1 Qa5 25. c4 Bxc4 26. Qe3 Qc7 27. Rdc1
Qd7 28. Qe4 b5 29. Rd1 Qe6 30. Bb4 Rfe8 31. Re1 Rcd8 32. Qf3 e4 33. Qg3 Bd3 34.
Rbd1 Qf5 35. f3 e3 36. f4 Bd4 37. Kh2 Bc4 38. Ba5 Rd7 39. Bb4 e2 40. Rd2 h6 41.
Ba3 Bc3 42. Qxc3 Qxf4+ 43. g3 Qf2+ 44. Kh1 Qxe1+ 45. Kh2 Qf2+ 0-1

[Event "Challenge"]
[Site "http://www.queenalice.com/game.php?id=1864307"]
[Date "2025.10.15"]
[Round "-"]
[White "Capixabba789"]
[Black "altair"]
[Result "1-0"]
[WhiteElo "1875"]
[BlackElo "1838"]

1. d4 d5 2. Nc3 e6 3. f4 h6 4. Nf3 Nf6 5. e3 a6 6. Bd3 c5 7. O-O c4 8. Be2 Be7
9. Ne5 Nbd7 10. Bf3 O-O 11. Ne2 b5 12. Ng3 Nxe5 13. fxe5 Nh7 14. e4 Bb7 15. exd5
exd5 16. c3 f6 17. exf6 Bxf6 18. Nh5 a5 19. Qe1 Qd6 20. Bf4 Qd7 21. Nxf6+ Nxf6
22. Be5 Rae8 23. Qg3 b4 24. Rae1 bxc3 25. bxc3 Re6 26. Bf4 Qf7 27. Bxh6 Kh8 28.
Bxg7+ Qxg7 29. Qxg7+ Kxg7 30. Rxe6 Bc8 31. Re5 Rd8 32. Rb1 Bb7 33. Rxb7+ Kg6 34.
a4 Nd7 35. Rxd5 Re8 36. Rdxd7 Re3 37. Rg7+ Kf6 38. Rgc7 Rxc3 39. d5 Ke5 40. Ra7
Kf4 41. Rxa5 Ke3 42. h3 Rc1+ 43. Kh2 Kd3 44. d6 Kc3 45. d7 1-0

[Event "AUTO-ADV-4870"]
[Site "http://www.queenalice.com/game.php?id=1864344"]
[Date "2025.10.16"]
[Round "2"]
[White "altair"]
[Black "chessman"]
[Result "0-1"]
[WhiteElo "1822"]
[BlackElo "2037"]

1. e4 e6 2. d4 d5 3. e5 c5 4. c3 Nc6 5. Nf3 Qb6 6. h3 cxd4 7. cxd4 Bb4+ 8. Nc3
Nge7 9. Be2 Nf5 10. O-O Nfxd4 11. Qd2 Nxf3+ 12. Bxf3 Nxe5 13. Qe2 Nxf3+ 14. Qxf3
O-O 15. Bd2 Bd7 16. a3 Be7 17. b4 Bf6 18. Rac1 Rac8 19. Be3 d4 20. Ne4 dxe3 21.
Qxe3 Qxe3 22. fxe3 Bb2 23. Rxc8 Rxc8 24. a4 Bxa4 25. Nd6 Rc7 26. Rb1 Rc1+ 27.
Rxc1 Bxc1 28. Nxb7 Bxe3+ 29. Kf1 Bb5+ 30. Ke1 Bc6 31. Nd6 Bxg2 32. Ke2 Bb6 33.
h4 a5 34. bxa5 Bxa5 35. Ke3 Kf8 36. Kf4 Bc7 0-1

[Event "AUTO-ADV-4870"]
[Site "http://www.queenalice.com/game.php?id=1864345"]
[Date "2025.10.16"]
[Round "2"]
[White "chessman"]
[Black "altair"]
[Result "1-0"]
[WhiteElo "2066"]
[BlackElo "1798"]

1. e4 e5 2. Nf3 d6 3. d4 Nc6 4. dxe5 dxe5 5. Qxd8+ Kxd8 6. Bb5 a6 7. Bxc6 bxc6
8. Nxe5 Be6 9. Nxc6+ Kc8 10. O-O Nf6 11. Re1 Bd7 12. Nd4 Bc5 13. Nb3 Bb6 14. Be3
Re8 15. Bxb6 cxb6 16. f3 h5 17. Nc3 Kb7 18. Rad1 Bc6 19. Nd5 Nxd5 20. exd5 Bb5
21. Nd4 Rxe1+ 22. Rxe1 Rd8 23. Re7+ Kc8 24. Nxb5 axb5 25. Rxf7 g5 26. Rf5 Rg8
27. Kf2 Kc7 28. b3 b4 29. h4 g4 30. Rxh5 gxf3 31. gxf3 Rd8 32. Ke3 Re8+ 33. Kd4
Re2 34. Kc4 Rxc2+ 35. Kxb4 Rxa2 36. f4 Rd2 37. Kc4 Rf2 38. f5 Rf4+ 39. Kb5 Rd4
40. Rh7+ Kd6 41. f6 Rxd5+ 42. Kxb6 Rf5 43. f7 Ke7 44. b4 Rf6+ 45. Ka5 Kf8 46.
Rh8+ Kxf7 47. h5 Rf5+ 48. b5 Kg7 49. Rc8 Rxh5 50. Ka6 Kf7 51. b6 Ke7 52. b7 Rh6+
53. Ka7 1-0

[Event "AUTO-ADV-4870"]
[Site "http://www.queenalice.com/game.php?id=1864348"]
[Date "2025.10.16"]
[Round "2"]
[White "altair"]
[Black "Fauquinelle"]
[Result "0-1"]
[WhiteElo "1797"]
[BlackElo "1919"]

1. e4 c6 2. d4 d5 3. e5 Bf5 4. Nc3 f6 5. Nf3 Qc7 6. Bd3 Bg4 7. h3 Bh5 8. O-O Nd7
9. Bf4 Bxf3 10. Qxf3 O-O-O 11. e6 Ne5 12. dxe5 fxe5 13. Bg3 g6 14. Qe2 Bg7 15.
Rfe1 Nh6 16. Qd2 Nf5 17. Re2 Nxg3 18. fxg3 e4 19. Bxe4 dxe4 20. Qe3 Bd4 21. Qxd4
Rxd4 22. Nxe4 Qb6 23. Kh1 h6 24. Nc3 Qxb2 0-1

[Event "Challenge"]
[Site "http://www.queenalice.com/game.php?id=1865270"]
[Date "2025.11.7"]
[Round "-"]
[White "Mr_SPOCK"]
[Black "altair"]
[Result "0-1"]
[WhiteElo "1771"]
[BlackElo "1786"]

1. e4 e5 2. Qh5 d6 3. Bc4 Qd7 4. Nc3 Nf6 5. Qe2 a6 6. Nf3 h6 7. O-O Be7 8. a4
O-O 9. Nh4 Kh8 10. d3 Rg8 11. Bxf7 Rf8 12. Bh5 Kg8 13. Bg6 Nc6 14. Nf5 Nd4 15.
Qd1 Nxf5 16. Bxf5 Qe8 17. Bxh6 Bxf5 18. exf5 gxh6 19. Qf3 c6 20. Qg3+ Kh7 21. h4
Rg8 22. Qe3 Ng4 23. Qh3 Qf7 24. f3 Ne3 25. Kf2 Nxf1 26. Rxf1 Rg7 27. g4 d5 28.
g5 Bc5+ 29. Ke2 Qd7 30. g6+ Kh8 31. Qg4 Rf8 32. Qh5 Qxf5 33. Qxh6+ Kg8 34. f4
Rxg6 35. Rg1 Rxg1 36. Nd1 Qg4+ 37. Kd2 Bb4+ 38. Nc3 Qg2+ 39. Ke3 Re1+ 40. Ne2
Qxe2# 0-1